Hot rod

Detalles Bibliográficos
Nuevo Título:Rod & custom (Los Angeles, Calif. : 1953)
Título anterior:Hot rod magazine
Formato: Electrónico Revista
Lenguaje:inglés
Publicado: [Los Angeles] : [Trend], [1953]-
Materias:
Acceso en línea:Full text available from Research Library: 01/01/1994 to 12/31/1995

MARC

LEADER 00000nas a2200000 a 4500
001 ssj0012582
003 WaSeSS
005 20200512172242.0
006 m d
007 cr n
008 780726c19539999caumr p s 0 a0eng c
010 |a  89648361   |z sn 78001150  
016 |a (AMICUS)000002539627 
022 |l 0018-6031  |y 0018-6031 
032 |a 518010  |b USPS 
035 |a (WaSeSS)ssj0012582 
037 |b Petersen Publishing Co., 8490 Sunset Blvd., Los Angeles, CA 90069 
040 |a OSU  |b eng  |c OSU  |d NSD  |d MUL  |d NSD  |d AIP  |d NSD  |d NST  |d DLC  |d NST  |d DLC  |d NST  |d DLC  |d NST  |d NYP  |d OCLCQ  |d DLC  |d GK8  |d UQ1  |d OCLCQ  |d OCLCF  |d GRR  |d OCLCO  |d CUS  |d NLC  |d OCLCQ  |d OCLCO  |d CPO  |d ZQP  |d WaSeSS 
042 |a nsdp  |a pcc 
050 0 0 |a TL236  |b .H55 
210 0 |a Hot rod 
222 0 |a Hot rod 
245 0 0 |a Hot rod  |h [electronic resource]. 
260 |a [Los Angeles] :  |b [Trend],  |c [1953]- 
310 |a Monthly 
362 0 |a Vol. 6, no. 5 (May 1953)- 
500 |a Published: Petersen Pub. Co., <May 1978->; Primedia Inc. <2004-> 
506 |a License restrictions may limit access. 
525 |a Includes occasional supplements. 
580 |a Absorbed in part by: Rod & custom (Los Angeles, Calif. : 1953). 
650 0 |a Automobiles, Racing  |v Periodicals. 
650 7 |a Automobiles, Racing.  |2 fast  |0 (OCoLC)fst00824092 
650 7 |a Automobile.  |2 rasuqam 
650 7 |a Course automobile.  |2 rasuqam 
650 7 |a Industrie automobile.  |2 rasuqam 
655 0 |a Electronic journals. 
780 0 0 |t Hot rod magazine  |w (DLC) 54032210  |w (OCoLC)1752309 
785 0 5 |t Rod & custom (Los Angeles, Calif. : 1953) 
850 |a DLC  |a NcCU  |a NcRS  |a OCU  |a TU  |a TxLT  |a ViBlbV 
856 4 0 |z Full text available from Research Library: 01/01/1994 to 12/31/1995  |u https://search.proquest.com/publication/34981